<?xml version="1.0" encoding="UTF-8" ?>
<collection xmlns="http://www.loc.gov/MARC21/slim"><record><leader>01822nam a2200361   4500</leader><controlfield tag="001">229761</controlfield><controlfield tag="003">CH-000273-5</controlfield><controlfield tag="005">20241115143018.0</controlfield><datafield tag="020" ind1=" " ind2=" "><subfield code="a">978-84-17173-90-6 (tapa dura)</subfield></datafield><datafield tag="020" ind1=" " ind2=" "><subfield code="a">978-84-17173-91-3 (tapa blanda)</subfield></datafield><datafield tag="035" ind1=" " ind2=" "><subfield code="a">(OCoLC)1521583498</subfield></datafield><datafield tag="040" ind1=" " ind2=" "><subfield code="a">CH-000273-5</subfield><subfield code="b">ger</subfield><subfield code="e">rda</subfield></datafield><datafield tag="041" ind1="0" ind2=" "><subfield code="a">spa</subfield></datafield><datafield tag="041" ind1="0" ind2=" "><subfield code="a">eng</subfield></datafield><datafield tag="110" ind1="2" ind2="0"><subfield code="a">Fundación Colección Thyssen-Bornemisza</subfield><subfield code="e">Verfasser</subfield><subfield code="4">aut</subfield></datafield><datafield tag="245" ind1="0" ind2="4"><subfield code="a">La memoria colonial en las colecciones Thyssen-Bornemisza</subfield><subfield code="b">25 de junio - 20 de octubre 2024, Museo Nacional Thyssen-Bornemisza</subfield><subfield code="c">comisarios: Juan Ángel López-Manzanares, Alba Campo Rosillo, Yeison F. García López y Andrea Pacheco González</subfield></datafield><datafield tag="264" ind1=" " ind2="1"><subfield code="a">[Madrid]</subfield><subfield code="b">Museo Nacional Thyssen-Bornemisza</subfield><subfield code="c">[2024]</subfield></datafield><datafield tag="300" ind1=" " ind2=" "><subfield code="a">230 Seiten</subfield><subfield code="b">Illustrationen</subfield><subfield code="c">28 cm</subfield></datafield><datafield tag="336" ind1=" " ind2=" "><subfield code="a">Text</subfield><subfield code="b">txt</subfield><subfield code="2">rdacontent</subfield></datafield><datafield tag="337" ind1=" " ind2=" "><subfield code="a">ohne Hilfsmittel zu benutzen</subfield><subfield code="b">n</subfield><subfield code="2">rdamedia</subfield></datafield><datafield tag="338" ind1=" " ind2=" "><subfield code="a">Band</subfield><subfield code="b">nc</subfield><subfield code="2">rdacarrier</subfield></datafield><datafield tag="500" ind1=" " ind2=" "><subfield code="a">autores: Juan Ángel López-Manzanares, Alba Campo Rosillo, Yeison F. García López, Andrea Pacheco González, Valika Smeulders, José Luis Villacañas</subfield></datafield><datafield tag="546" ind1=" " ind2=" "><subfield code="a">Katalog spanisch mit englischer Übersetzung</subfield></datafield><datafield tag="610" ind1="2" ind2="7"><subfield code="a">Fundación Colección Thyssen-Bornemisza</subfield><subfield code="x">Sammlung</subfield><subfield code="2">gnd</subfield></datafield><datafield tag="650" ind1=" " ind2="7"><subfield code="a">Kolonialismus</subfield><subfield code="x">Postkolonialismus</subfield><subfield code="x">Kunst</subfield><subfield code="y">Geschichte 1600-2020</subfield><subfield code="2">gnd</subfield></datafield><datafield tag="655" ind1=" " ind2="7"><subfield code="a">Ausstellungskatalog </subfield><subfield code="x">Museo Thyssen-Bornemisza </subfield><subfield code="y">25.06.2024-20.10.2024 </subfield><subfield code="z">Madrid</subfield><subfield code="2">gnd-content</subfield></datafield><datafield tag="700" ind1="1" ind2=" "><subfield code="a">López-Manzanares, Juan A.</subfield><subfield code="e">Herausgeber</subfield><subfield code="4">edt</subfield><subfield code="e">Verfasser</subfield><subfield code="4">aut</subfield></datafield><datafield tag="700" ind1="1" ind2=" "><subfield code="a">Campo Rosillo, Alba</subfield><subfield code="e">Verfasser</subfield><subfield code="4">aut</subfield></datafield><datafield tag="700" ind1="1" ind2=" "><subfield code="a">García López, Yeison F. </subfield><subfield code="d">1992-</subfield><subfield code="e">Verfasser</subfield><subfield code="4">aut</subfield></datafield><datafield tag="700" ind1="1" ind2=" "><subfield code="a">Pacheco González, Andrea</subfield><subfield code="e">Verfasser</subfield><subfield code="4">aut</subfield></datafield><datafield tag="710" ind1="2" ind2=" "><subfield code="a">Fundación Colección Thyssen-Bornemisza</subfield><subfield code="e">Veranstalter</subfield><subfield code="4">orm</subfield></datafield><datafield tag="710" ind1="2" ind2=" "><subfield code="a">Museo Thyssen-Bornemisza</subfield><subfield code="e">Gastgebende Institution</subfield><subfield code="4">his</subfield></datafield><datafield tag="852" ind1="4" ind2=" "><subfield code="a">CH-000273-5</subfield><subfield code="c">D 2024/0195</subfield></datafield></record></collection>